<The> business english teacher professional principles and practical procedures

Saved in:
Bibliographic Details
Main Author: Barton, Debbie
Other Authors: Burkart, Jennifer, Sever, Caireen
Format: Book
Language:English
Published: Peaslake Delta Publishing 2010
Series:Delta teacher development series
Subjects:
Tags: Add Tag
No Tags, Be the first to tag this record!

MARC

LEADER 00000nam a2200000 4500
001 0191443
005 20240313132750.4
020 |a 978-1-905085-34-7 
041 0 |a eng 
044 |a GB 
245 1 0 |a <The> business english teacher  |b professional principles and practical procedures  |c Debbie Barton, Jennifer Burkart, Caireen Sever 
264 1 |a Peaslake  |b Delta Publishing  |c 2010 
300 |a 120 s. 
490 1 |a Delta teacher development series 
830 0 |a Delta teacher development series 
610 2 0 |a vzdelávanie 
610 2 0 |a vyučovanie 
610 2 0 |a jazykoveda 
610 2 0 |a angličtina 
610 2 0 |a obchod 
610 2 0 |a učitelia 
610 2 0 |a metodológia 
610 2 0 |a pedagogika 
610 2 0 |a poradenstvo profesionálne 
100 1 |a Barton, Debbie 
700 1 |a Burkart, Jennifer 
700 1 |a Sever, Caireen